| 000 | 00529cam a2200193 a 4500 | ||
|---|---|---|---|
| 001 | sa 68009055 | ||
| 003 | DLC | ||
| 005 | 20260227112539.0 | ||
| 008 | 840911s1963 ii 000 p hino | ||
| 010 | _asa 68009055 | ||
| 040 |
_aDLC _cDLC |
||
| 050 | 0 | 0 |
_aPK2098.32.A6585 _bU84 1963 |
| 100 | 1 |
_aPārīka, Rūpacanda, _d1935- |
|
| 245 | 1 | 0 |
_aUse Himālaya pāra bhagāo / _cRūpacanda Pārīka. |
| 260 |
_aJodhapura : _bPrabhāta Prakāśana, _c[1963?] |
||
| 300 |
_a32 p. ; _c18 cm. |
||
| 500 | _aPoems. | ||
| 546 | _aIn Hindi. | ||
| 999 |
_c82685 _d82685 |
||